Natural surfaces : Visual research for artists, architects, and designers

Bibliographic Details
Main Author: Juracek, Judy A.
Format: Book
Published: London : Thames & hudson ltd , 2001
Subjects:

MARC

LEADER 00000cam a2200000 7i4500
001 0000012302
005 20050419.0
020 |a 0500510733 
040 |a INS 
090 0 0 |a N6494E6   |b J87 2002 
100 1 |a Juracek, Judy A. 
245 1 0 |a Natural surfaces : Visual research for artists, architects, and designers   |c Judy A. Juracek 
260 |a London :   |b Thames & hudson ltd ,   |c 2001 
300 |a 351p :   |b 29cm 
650 0 0 |a Environment (art)   |x Themes, motives   |y Pictorial works 
650 0 0 |a Nature (Aesthetics)   |x Themes, motives   |y Pictorial works 
999 |a 0000012020   |b BOOK   |c Open Shelf   |e Default branch